Statistics for World Capitals on Borderless Map with appearing dots

Click here to take the quiz!

General Stats

  • This quiz has been taken 185 times
  • The average score is 164 of 200

Answers on the Map

Answers color-coded by a green-red scale on the quiz's map according to % correct below.
 

Answer Stats

Capital% Correct
Washington D.C.
98%
Moscow
97%
Oslo
97%
Paris
97%
Athens
96%
Madrid
96%
Stockholm
96%
Beijing
95%
Berlin
95%
Bern
95%
Brasília
95%
Cairo
95%
London
95%
Ottawa
95%
Amsterdam
94%
Ankara
94%
Brussels
94%
Budapest
94%
Canberra
94%
Copenhagen
94%
Dublin
94%
Lisbon
94%
New Delhi
94%
Seoul
94%
Vienna
94%
Warsaw
94%
Algiers
93%
Bucharest
93%
Havana
93%
Monaco
93%
Sofia
93%
Bangkok
92%
Bogotá
92%
Buenos Aires
92%
Jakarta
92%
Jerusalem
92%
Luxembourg
92%
Mexico City
92%
Prague
92%
Tallinn
92%
Tunis
92%
Andorra la Vella
91%
Panama City
91%
Rabat
91%
San Marino
91%
Vatican City
91%
Kiev
90%
Lima
90%
Minsk
90%
Riga
90%
Riyadh
90%
Rome
90%
Singapore
90%
Tokyo
90%
Tripoli
90%
Wellington
90%
Nairobi
89%
San Salvador
89%
Tehran
89%
Baghdad
88%
Helsinki
88%
Montevideo
88%
Santiago
88%
Sarajevo
88%
Vilnius
88%
Abu Dhabi
87%
Caracas
87%
Doha
87%
Hanoi
87%
Kabul
87%
Kuwait City
87%
Quito
87%
Zagreb
87%
Astana
86%
Cape Town
86%
Georgetown
86%
Guatemala City
86%
Khartoum
86%
Port-au-Prince
86%
Tirana
86%
Valletta
86%
Addis Ababa
85%
Baku
85%
Belgrade
85%
Dakar
85%
Damascus
85%
Dhaka
85%
Kathmandu
85%
Kingston
85%
Kingstown
85%
Kuala Lumpur
85%
La Paz
85%
Ljubljana
85%
Nassau
85%
Nicosia
85%
Pretoria
85%
Pyongyang
85%
Vaduz
85%
Phnom Penh
84%
San José
84%
Bratislava
83%
Djibouti
83%
Islamabad
83%
Muscat
83%
Windhoek
83%
Yerevan
83%
Beirut
82%
Chișinău
82%
Podgorica
82%
Pristina
82%
Santo Domingo
82%
Tbilisi
82%
Abuja
81%
Accra
81%
Amman
81%
Antananarivo
81%
Freetown
81%
Kinshasa
81%
Luanda
81%
Sana'a
81%
Skopje
81%
Ulaanbaatar
81%
Monrovia
80%
Tashkent
80%
Tegucigalpa
80%
Bishkek
79%
Bissau
79%
Managua
79%
Manila
79%
Port Moresby
79%
Sucre
79%
Ashgabat
78%
Belmopan
78%
Asunción
77%
Brazzaville
77%
Dodoma
77%
Kampala
77%
Kigali
77%
Malé
77%
Manama
77%
Paramaribo
77%
Reykjavík
77%
São Tomé
77%
Vientiane
77%
Asmara
76%
Lusaka
76%
Suva
76%
Thimphu
76%
Bridgetown
75%
Mogadishu
75%
Niamey
75%
Conakry
74%
Harare
74%
Lomé
74%
Port-of-Spain
74%
Apia
73%
Bamako
73%
Dushanbe
73%
Gaborone
73%
Juba
73%
Libreville
73%
Maputo
73%
N'Djamena
73%
Praia
73%
Saint John's
73%
Taipei
73%
Yaoundé
73%
Dili
72%
Mbabane
72%
Port Louis
72%
Porto-Novo
72%
Victoria
72%
Bloemfontein
71%
Sri Jayawardenepura Kotte
71%
Moroni
70%
Bangui
69%
Banjul
69%
Castries
69%
Lilongwe
69%
Maseru
69%
Ouagadougou
69%
Roseau
69%
Saint George's
69%
Nouakchott
68%
Port Vila
68%
Basseterre
66%
Funafuti
66%
Malabo
66%
South Tarawa
66%
Yamoussoukro
66%
Bandar Seri Begawan
65%
Naypyidaw
65%
Nukuʻalofa
65%
Majuro
64%
Honiara
63%
Ngerulmud
63%
Yaren
62%
Gitega
60%
Palikir
60%
Cotonou
42%

Score Distribution

Percentile by Number Answered

Percent of People with Each Score

Your Score History

You have not taken this quiz